000 00311nam a22001217a 4500
008 230703b xxu||||| |||| 00| 0 eng d
082 _a342.16
_bIPU 2003
245 _aConstitutional & Parliamentary Information
260 _bInter Parliamentary Union
_c2003
300 _a76p
440 _n2003
942 _2ddc
_cBK
999 _c3222
_d3222